Normal view
MARC view
- Patil Manasi
Entry Personal Name
001 - CONTROL NUMBER
- control field: 208861
003 - CONTROL NUMBER IDENTIFIER
- control field: OSt
005 - DATE AND TIME OF LATEST TRANSACTION
- control field: 20241105200505.0
008 - FIXED-LENGTH DATA ELEMENTS
- fixed length control field: 241105|| aca||aabn | a|a d
040 ## - CATALOGING SOURCE
- Original cataloging agency: OSt
- Transcribing agency: OSt
100 ## - HEADING--PERSONAL NAME
- Personal name: Patil Manasi
670 ## - SOURCE DATA FOUND
- Source citation: Work cat.: (OSt)361596: Patil Manasi. , Piligrimage Centre At Prakhsha., 2018